000 00825nam a2200241 a 4500
001 48436
003 BD-RjUL
005 20211209054526.0
008 160814s1987 BG ||||| |||| 00| 0 ben d
020 _c:TK. 22.00
035 _a(BD-RjUL)48555
040 _aBD-RjUL
_bben
_cBD-RjUL
041 _aben
082 _223
_a891.441
_bATR 1987
100 1 _aআতীকুল্লাহ, সাইয়িদ
_9146439
245 1 0 _aরোজ তোমাকে বেরুতে হয় /
_cসাইয়িদ আতীকুল্লাহ
250 _a১ম সং.
260 _aঢাকা :
_bমুক্তধারা,
_c১৯৮৭
300 _a৫১ পৃ ;
_c২১ সেমি.
650 _aবাংলা
_vকবিতা
_9146440
650 _aBengali
_vPoetry
_9146441
942 _2ddc
_cBK
999 _c48436
_d48436